Türkün ateşle imtihanı : (Record no. 13909)
[ view plain ]
| 000 -BAŞLIK | |
|---|---|
| Sabit Uzunlukta Kontrol Alanı | 00905nam a22002417a 4500 |
| 999 ## - SİSTEM KONTROL NUMARALARI (KOHA) | |
| Koha Biblionumber | 13909 |
| Koha Biblioitemnumber | 13909 |
| 003 - KONTROL NUMARASI IDENTIFIER | |
| Denetim Alanı | MIRAKIL |
| 005 - SON İŞLEM TARİHİ VE ZAMANI | |
| Denetim Alanı | 20200817172334.0 |
| 008 - SABİT-BOY VERİ ELEMANLARI - GENEL BİLGİLER | |
| Sabit Uzunlukta Kontrol Alanı | 200817b tu ||||| |||| 00| 0 tur d |
| 040 ## - KATALOGLAMA KAYNAK | |
| Orijinal Kataloglama Ajansı | TR-AnCHP |
| Kataloglama Dili | tur |
| Metne Dönüştürmek Ajansı | TR-AnCHP |
| 041 ## - DİL KODU | |
| Metin / Ses Parça Veya Ayrı Başlığın Dil Kodu | tur |
| 082 ## - DEWEY ONLU SINIFLANDIRMA NUMARASI | |
| Sınıflandırma Numarası | 818.4103 |
| Ürün Numarası | A24t 1998 |
| 100 ## - ANA GİRİŞ - KİŞİSEL İSİM | |
| Kişisel Ad | Adıvar, Halide Edip |
| Bir Adıyla İlişkilendirilen Tarihler | 1884 - 1964 |
| 245 ## - BAŞLIK TABLOSU | |
| Başlık | Türkün ateşle imtihanı : |
| Başlığın Kalan | İstiklal savaşı anıları/ |
| Sorumluluk Tablosu, Vb | Halide Edip Adıvar. |
| 246 ## - UNVAN FORM VARYING | |
| Başlık Doğru / Kısa Başlığı | İstiklal savaşı anıları |
| 260 ## - YAYIN, DAĞITIM, VB | |
| Yayın, Dağıtım, Vb Yeri | İstanbul: |
| Yayıncı, Dağıtıcı, Vs Adı | Yenigün Haber Ajansı, |
| Yayın, Dağıtım, Vb Tarihi | 1998. |
| 300 ## - FİZİKSEL TANIM | |
| Kapsam | 3 c.: |
| Boyutlar | 18 sm. |
| 600 14 - KONU KATMA GİRİŞ - KURUMSAL ADI | |
| 9 (RLIN) | 1962 |
| Kişisel Ad | Adıvar, Halide Edip |
| Bir Adıyla İlişkilendirilen Tarihler | 1884 - 1964 |
| Genel Alt Bölümü | Kurtuluş Savaşı |
| -- | Anılar |
| 650 ## - KONU KATMA GİRİŞ - TOPİKAL DÖNEM | |
| Topikal Süreli Veya Coğrafi Ad Giriş Elemanı | Kurtuluş Savaşı, Edebiyatta |
| Genel Alt Bölümü | Roman |
| 651 ## - KONU KATMA GİRİŞ - COĞRAFİ ADI | |
| Coğrafi İsim | Türkiye |
| Genel Alt Bölümü | Tarih |
| Kronolojik Alt Bölümü | Kurtuluş Savaşı, 1918-1923 |
| 740 ## - KATMA GİRİŞ - KONTROLSUZ İLGİLİ / ANALİTİK BAŞLIK | |
| Kontrol Edilmeyen / İlgili Analitik Başlıktaki | İstiklal savaşı anıları |
| 856 ## - ELEKTRONİK YER VE ERİŞİM | |
| Kamu Notu | Dijital Nüshası için Partimizin Kütüphane Sorumlusu ile iletişime geçiniz. |
| 942 ## - EKLENDİ GİRİŞ ELEMANLARI (KOHA) | |
| Sınıflandırma Veya Raf Düzeni Kaynak | Dewey Decimal Classification |
| Koha Öğesi Türü | Books |
| Kalıcı Konum | Mevcut Konum | Edinme Tarihi | Toplam Check-Out'Lar | Tam Çağrı Numarası | Barkod | Tarih Son Görülme | Tekdüzen Kaynak Tanımlayıcı | İtibaren Geçerli Fiyatlar | Sigara Kamu Notu | Koha Öğesi Türü |
|---|---|---|---|---|---|---|---|---|---|---|
| CHP Kütüphanesi | CHP Kütüphanesi | 08/17/2020 | 818.4103 A24t 1998 | 019381 | 08/17/2020 | c.1 | 08/17/2020 | Emine Başak Alkan Bağışıdır. | Books | |
| CHP Kütüphanesi | CHP Kütüphanesi | 08/17/2020 | 818.4103 A24t 1998 | 019382 | 08/17/2020 | c.2 | 08/17/2020 | Emine Başak Alkan Bağışıdır. | Books | |
| CHP Kütüphanesi | CHP Kütüphanesi | 08/17/2020 | 818.4103 A24t 1998 | 019383 | 08/17/2020 | c.3 | 08/17/2020 | Emine Başak Alkan Bağışıdır. | Books |
